Normal view
MARC view
- Terrorism
Entry Topical Term
001 - CONTROL NUMBER
- control field: 89815
003 - CONTROL NUMBER IDENTIFIER
- control field: NUST
005 - DATE AND TIME OF LATEST TRANSACTION
- control field: 20220228124734.0
008 - FIXED-LENGTH DATA ELEMENTS
- fixed length control field: 220228|| aca||aabn | a|a d
040 ## - CATALOGING SOURCE
- Original cataloging agency: NUST
- Transcribing agency: NUST
150 ## - HEADING--TOPICAL TERM
- Topical term or geographic name entry element: Terrorism
- Geographic subdivision: Pakistan
- General subdivision: Prevention
670 ## - SOURCE DATA FOUND
- Source citation: Work cat.: (NUST)0: Ali, Arshad, author. 89813, Pakistan's national security approach and post-Cold War security :
